Preceptor interactivo : (Record no. 82854)
[ view plain ]
| 000 -CABECERA | |
|---|---|
| campo de control de longitud fija | 01228cam a22003497a 4500 |
| 003 - IDENTIFICADOR DEL NÚMERO DE CONTROL | |
| campo de control | CHAP |
| 005 - FECHA Y HORA DE LA ÚLTIMA TRANSACCIÓN | |
| campo de control | 20240502102718.0 |
| 008 - DATOS DE LONGITUD FIJA--INFORMACIÓN GENERAL | |
| campo de control de longitud fija | 001116d mx a r 00110 esp d |
| 010 ## - NÚMERO DE CONTROL DE LA BIBLIOTECA DEL CONGRESO | |
| Número de control de LC | 82854 |
| 011 ## - ENLACE DEL NUMERO DE CONTROL DE LA BIBLIOTECA DEL CONGRESO [OBSOLETO] | |
| Número de control de LC | 83826 |
| 020 ## - NÚMERO INTERNACIONAL ESTÁNDAR DEL LIBRO | |
| Número Internacional Estándar del Libro | 8449411904 (libro) |
| 020 ## - NÚMERO INTERNACIONAL ESTÁNDAR DEL LIBRO | |
| Número Internacional Estándar del Libro | 84-494-1624-8 (CD) |
| 035 ## - NÚMERO DE CONTROL DEL SISTEMA | |
| Número de control de sistema | 94343 |
| 040 ## - FUENTE DE LA CATALOGACIÓN | |
| Centro/agencia transcriptor | CHAP |
| 082 04 - NÚMERO DE LA CLASIFICACIÓN DECIMAL DEWEY | |
| Número de clasificación | 036 |
| Número de documento/Ítem | P7 |
| 245 10 - MENCIÓN DE TÍTULO | |
| Título | Preceptor interactivo : |
| Resto del título | enciclopedia temática estudiantil |
| Mención de responsabilidad, etc. | /por Oceano Grupo Editorial |
| 260 ## - PUBLICACIÓN, DISTRIBUCIÓN, ETC. | |
| Lugar de publicación, distribución, etc. | Barcelona : |
| Nombre del editor, distribuidor, etc. | MM Oceano, |
| Fecha de publicación, distribución, etc. | [2000?]. |
| 300 ## - DESCRIPCIÓN FÍSICA | |
| Extensión | 1064 p. : |
| Otras características físicas | ilus. ; mapas ; gráfs. + 1 disco compacto 4 3/4 plgs. |
| 500 ## - NOTA GENERAL | |
| Nota general | Navegador oceano de estudio interactivo; CD-ROM interactivo versión Windows |
| 590 ## - NOTA LOCAL (RLIN) | |
| Nota local | BATCH-UPD |
| Procedencia (VM) [OBSOLETO] | 10 |
| Condición del los carretes individuales (VM) [OBSOLETO] | 20130110 |
| 590 ## - NOTA LOCAL (RLIN) | |
| Nota local | BATCH-UPD |
| Procedencia (VM) [OBSOLETO] | 10 |
| Condición del los carretes individuales (VM) [OBSOLETO] | 20130410 |
| 590 ## - NOTA LOCAL (RLIN) | |
| Nota local | BATCH-UPD |
| Procedencia (VM) [OBSOLETO] | 10 |
| Condición del los carretes individuales (VM) [OBSOLETO] | 20130914 |
| 590 ## - NOTA LOCAL (RLIN) | |
| Nota local | CONVERSION |
| Procedencia (VM) [OBSOLETO] | 10 |
| Condición del los carretes individuales (VM) [OBSOLETO] | 20130109 |
| 650 14 - PUNTO DE ACCESO ADICIONAL DE MATERIA--TÉRMINO DE MATERIA | |
| Término de materia o nombre geográfico como elemento de entrada | Educación audiovisual. |
| 9 (RLIN) | 35558 |
| 650 14 - PUNTO DE ACCESO ADICIONAL DE MATERIA--TÉRMINO DE MATERIA | |
| Término de materia o nombre geográfico como elemento de entrada | Enciclopedias y diccionarios. |
| 9 (RLIN) | 36750 |
| 710 0# - PUNTO DE ACCESO ADICIONAL--NOMBRE DE ENTIDAD CORPORATIVA | |
| Nombre de entidad corporativa o nombre de jurisdicción como elemento de entrada | Oceano Grupo Editorial. Barcelona. |
| 9 (RLIN) | 82637 |
| 901 ## - ELEMENTOS DE DATOS A LOCAL LDA (RLIN) | |
| a | BK |
| 905 ## - ELEMENTOS DE DATOS E LOCAL, LDE (RLIN) | |
| a | Lilia Sánchez G. |
| 942 ## - ELEMENTOS DE PUNTO DE ACCESO ADICIONAL (KOHA) | |
| Tipo de ítem Koha | CD |
| Fuente del sistema de clasificación o colocación | Dewey Decimal Classification |
| 949 ## - PROCESAMIENTO DE INFORMACIÓN LOCAL (OCLC) | |
| a | 036 P7 |
| b | BC |
| c | CD |
| d | 33724002026347 |
| e | CD |
| f | CD |
| g | I. 208372 |
| i | 94343 |
| s | b |
| 949 ## - PROCESAMIENTO DE INFORMACIÓN LOCAL (OCLC) | |
| a | 036 P7 |
| b | BC |
| c | ESP |
| d | 33724000803938 |
| e | ESP |
| g | I. 208372 |
| h | 99060 |
| i | 94343 |
| s | b |
| t | $903.50 |
| Estado de retiro | Estado de pérdida | Fuente del sistema de clasificación o colocación | Estado dañado | No para préstamo | Código de colección | Localización permanente | Ubicación/localización actual | Fecha de adquisición | Fuente de adquisición | Total de préstamos | Signatura topográfica completa | Código de barras | Fecha visto por última vez | Precio válido a partir de | Tipo de ítem Koha | Restricciones de uso | Ubicación en estantería | Información codificada de la localización en otra ubicación | Nota pública |
|---|---|---|---|---|---|---|---|---|---|---|---|---|---|---|---|---|---|---|---|
| Dewey Decimal Classification | Excluido de préstamo | Material multimedia | Biblioteca Central | Biblioteca Central | 17/12/2012 | I. 208372 | 036 P7 | 33724002026347 | 31/12/2019 | 31/12/2019 | CD | ||||||||
| Dewey Decimal Classification | Consulta | Biblioteca Central | Biblioteca Central | 31/12/2019 | I. 208372 | 036 P7 | 33724000803938 | 31/12/2019 | 31/12/2019 | Libro | Préstamo interno | Planta alta - Coleción Consulta | LIBRO | ||||||
| Dewey Decimal Classification | Material multimedia | Biblioteca Central | Biblioteca Central | 30/04/2024 | 036 P7 | 33724002586728 | 30/04/2024 | 30/04/2024 | CD | Préstamo interno | Planta Principal - Área de préstamo - Mat. Multimedia | Material complementario |
